| 000 | 00513 a2200145 4500 | ||
|---|---|---|---|
| 005 | 20250506090456.0 | ||
| 020 | _a978-0-07-231135-8 | ||
| 082 | _a658.403 STE | ||
| 100 | _aSTERMAN, J. D. | ||
| 245 | _aBusiness Dynamics: Systems Thinking and Modeling for a Complex World | ||
| 260 |
_aNew York, _bIrwin McGraw-Hill, _c2000. |
||
| 300 |
_axxvi, 982p.: ill.; figure, graph, table. _bBibliographical references, index. _c27cm. |
||
| 856 |
_yAccess online book _fBusiness Dynamics _dhttp://www.mhhe.com |
||
| 942 |
_2ddc _cBKS |
||
| 999 |
_c1980 _d1980 |
||